00658nam a2200229Ia 4500003000400000005001700004008004100021040001800062041000800080082002100088100002300109245006200132250001200194260001900206300002900225650003600254650003400290650003800324700001900362700002500381700002200406OSt20260401105640.0210716s1960 xx 000 0 und d cAIMIT LIBRARY aeng a374.22 21bHART aHarding, Thomas G. aEvolution and culture /cBy Thomas G Harding,...[et.al].  a1st ed. aU S A :c1960. axii,131p. ;bHBc21.4 cm aEvolution: specific and general aThe law of cultural dominance aThe law of evolutionary potential aKaplan, David. aSahlins, Marshall D. aService, Elman R.